000 00694nam a2200289Ia 4500
005 20260324111802.0
008 008 260324s9999 xx 000 0 eng d
020 _a9781003545972
037 _aEBOOK
040 _aCRL
040 _beng
040 _cCRL
041 _2eng
041 _aeng
084 _qCRL
100 _aEmilio Chuvieco; Maria A. Martin
_91140011
245 0 _aIntroduction to Environmental Ethics
245 0 _bCaring for the Earth
260 _bTaylor and Francis
260 _c2025
365 _a
365 _b225
856 _uhttp://www.taylorfrancis.com/books/9781003545972
942 _cEBOOK
999 _c1728932
_d1728932